000
00318nam a22001337a 4500
008
181220b xxu||||| |||| 00| 0 eng d
020
_a
9780683073195
041
_a
eng
080
_2
2nd
_a
616-053.2
100
_a
8
101
_a
PED
245
_a
Textbook of Pediatric Intensive Care
_c
Rogers,.M.C
942
_2
udc
_c
BK
999
_c
53574
_d
53574